| 000 | 00722nam a22002417a 4500 | ||
|---|---|---|---|
| 999 |
_c17569 _d17569 |
||
| 003 | AR-CdUCM | ||
| 008 | 190306b ||||| |||| 00| 0 spa d | ||
| 040 |
_aMUNICIPALIDAD PROVINCIAL DEL CUSCO _cBIBLIOTECA MUNICIPAL DEL CUSCO |
||
| 082 |
_a828.82 / _bD73 _212ed. |
||
| 100 |
_aDickens, Charles _9500 |
||
| 245 | _aOliver Twist / | ||
| 260 |
_aBarcelona : _bMateu, _c1959. |
||
| 300 |
_a288 páginas ; _c19 cm. |
||
| 440 |
_aColección Juvenil Cadete _914092 |
||
| 505 | _aContenido : Novela | ||
| 650 |
_aNovelas Inglesas _911649 |
||
| 650 |
_aClásicos _98885 |
||
| 650 |
_aLiteratura _983 |
||
| 650 |
_aNovela _95 |
||
| 700 |
_aEscalas, R Ballester (Traducción) _937657 |
||
| 942 |
_2ddc _cLIBROS |
||
| 945 | _awnts | ||